Partnering in Singapore's construction industry (Record no. 68389)
[ view plain ]
| 000 -LEADER | |
|---|---|
| fixed length control field | 01344cam a2200241 4500 |
| 001 - CONTROL NUMBER | |
| control field | ABS64482 |
| 008 - FIXED-LENGTH DATA ELEMENTS--GENERAL INFORMATION | |
| fixed length control field | 010926n2001 000 0 eng u |
| 035 ## - SYSTEM CONTROL NUMBER | |
| System control number | (Sirsi) u114859 |
| 100 ## - MAIN ENTRY--PERSONAL NAME | |
| Personal name | Kwan, A.Y. |
| 245 ## - TITLE STATEMENT | |
| Title | Partnering in Singapore's construction industry |
| 260 ## - PUBLICATION, DISTRIBUTION, ETC. | |
| Date of publication, distribution, etc. | 2001 |
| 490 ## - SERIES STATEMENT | |
| Series statement | Construction Management and Economics |
| Volume/sequential designation | 19(6), 619-632(14) |
| 520 ## - SUMMARY, ETC. | |
| Summary, etc. | Although it could seemingly help resolve many of its problems, use of partnering in Singapore's construction industry is currently very low. Describes a research project, which involved a questionnaire survey, that verified three hypotheses: that the Singapore contractors' way of conducting business is influenced by Chinese culture; that Chinese culture could help promote partnering in the Singapore construction industry; and that, because of their similar culture, it is easier to partner between Chinese contractors and clients. The study concluded that Singapore Chinese contractors must discard their mutual distrust and embrace their Chinese roots to implement partnering, and so enhance their competitiveness in the regional market. |
| 590 ## - LOCAL NOTE (RLIN) | |
| Local note | ABS |
| 650 ## - SUBJECT ADDED ENTRY--TOPICAL TERM | |
| Topical term or geographic name entry element | PARTNERING |
| 650 ## - SUBJECT ADDED ENTRY--TOPICAL TERM | |
| Topical term or geographic name entry element | SINGAPORE |
| 650 ## - SUBJECT ADDED ENTRY--TOPICAL TERM | |
| Topical term or geographic name entry element | CHINA |
| 650 ## - SUBJECT ADDED ENTRY--TOPICAL TERM | |
| Topical term or geographic name entry element | CULTURE |
| 650 ## - SUBJECT ADDED ENTRY--TOPICAL TERM | |
| Topical term or geographic name entry element | BUSINESS RELATIONSHIPS |
| 690 ## - LOCAL SUBJECT ADDED ENTRY--TOPICAL TERM (OCLC, RLIN) | |
| Topical term or geographic name as entry element | Procurement |
| 9 (RLIN) | 6260 |
| 700 ## - ADDED ENTRY--PERSONAL NAME | |
| Personal name | Ofori, G. |
| 942 ## - ADDED ENTRY ELEMENTS (KOHA) | |
| Suppress in OPAC | 0 |
| Withdrawn status | Lost status | Source of classification or shelving scheme | Damaged status | Not for loan | Home library | Current library | Shelving location | Date acquired | Total Checkouts | Full call number | Barcode | Date last seen | Copy number | Price effective from | Koha item type |
|---|---|---|---|---|---|---|---|---|---|---|---|---|---|---|---|
| Dewey Decimal Classification | London | London | Journal article | 26/09/2001 | ABS64482 | 114859-1001 | 06/08/2019 | 1 | 06/08/2019 | Journal article |